000 00379 a2200157 4500
001 74993
020 _a851301673
040 _cAnchieta - Colégio São Paulo
100 _aBarberina, Lady
240 1 0 _aA outra volta do parafuso
_lpor
245 1 0 _aA outra volta do parafuso
300 _a270
362 0 _a2003
650 4 _aFicção norte-americana em inglês
942 _cBK
999 _c74993
_d74993